|
|
|
|
| LEADER |
00000nam a2200000Ii 4500 |
| 001 |
DIGEDUNAV0418 |
| 003 |
NyNyDIG |
| 006 |
m o d |
| 007 |
cr ||||||||||| |
| 008 |
220610s2008 sp a o 001 0 spa d |
| 035 |
|
|
|a (OCoLC)1333701157
|
| 040 |
|
|
|a DGITA
|b eng
|e rda
|e pn
|c DGITA
|
| 020 |
|
|
|z 9788431325534
|
| 050 |
1 |
4 |
|a BX4705.L54 ebook
|
| 100 |
1 |
|
|a León, Luis de,
|d 1527-1591,
|e author.
|
| 245 |
1 |
0 |
|a Dios y su imagen en el hombre :
|b lecciones inéditas sobre el Libro I de las sentencias (1570) /
|c Fray Luis de León ; introducción, transcripción, traducción, verificación de fuentes y notas de Santiago Orrego.
|
| 264 |
|
1 |
|a Pamplona, España :
|b EUNSA, Ediciones Universidad de Navarra,
|c [2008]
|
| 300 |
|
|
|a 1 online resource :
|b illustrations.
|
| 336 |
|
|
|a text
|b txt
|2 rdacontent
|
| 337 |
|
|
|a computer
|b c
|2 rdamedia
|
| 338 |
|
|
|a online resource
|b cr
|2 rdacarrier
|
| 347 |
|
|
|a text file
|2 rdaft
|
| 347 |
|
|
|b PDF
|
| 490 |
1 |
|
|a Colección de pensamiento medieval y renacentista ;
|v no. 99
|
| 500 |
|
|
|a Includes indexes.
|
| 588 |
0 |
|
|a Online resource; title from PDF title page (Digitalia, viewed June 10, 2022)
|
| 600 |
1 |
0 |
|a León, Luis de,
|d 1527-1591.
|
| 650 |
|
0 |
|a Image of God.
|
| 650 |
|
0 |
|a Theology.
|
| 655 |
|
0 |
|a Electronic books.
|
| 700 |
1 |
|
|a Orrego Sánchez, Santiago,
|d 1972-
|e contributor agent of text,
|e translator.
|
| 791 |
2 |
|
|a Digitalia (Firm),
|e distributor.
|
| 793 |
0 |
|
|g Digitalia eBook Collection:
|a Ediciones Universidad de Navarra
|
| 776 |
0 |
8 |
|i Print version:
|a León, Luis de, 1527-1591.
|t Dios y su imagen en el hombre.
|b Primera edición.
|d Pamplona, España : EUNSA, Ediciones Universidad de Navarra, [2008]
|z 9788431325534
|
| 830 |
|
0 |
|a Colección de pensamiento medieval y renacentista ;
|v núm. 99.
|
| 856 |
4 |
0 |
|3 Digitalia Hispánica
|u https://www.digitaliapublishing.com/a/51639/
|
| 910 |
|
|
|a Premium collection: 2022
|